Composición musical (Record no. 169855)

MARC details
000 -LEADER
campo de control de longitud fija 00813nam a2200229 i 4500
001 - NÚMERO DE CONTROL
campo de control 169855
003 - IDENTIFICADOR DE NÚMERO DE CONTROL
campo de control ES-MaACL
005 - FECHA Y HORA DE LA ÚLTIMA TRANSACCIÓN
campo de control 20250823091510.0
008 - DATOS DE LONGITUD FIJA--INFORMACIÓN GENERAL
campo de control de longitud fija 081209s1943 sp |||| | spa d
080 ## - NÚMERO DE LA CLASIFICACIÓN DECIMAL UNIVERSAL
Número de la Clasificación Decimal Universal 781.5
100 1# - ENTRADA PRINCIPAL--NOMBRE DE PERSONA
Nombre de persona Riemann, Hugo.
9 (RLIN) 97092
245 10 - MENCIÓN DEL TÍTULO
Título Composición musical
Resto del título : (teoría de las formas musicales) /
Mención de responsabilidad, etc. Hugo Riemann ; traducción del alemán por Roberto Gerhard.
250 ## - MENCION DE EDICION
Mención de edición 2ª ed.
260 ## - PUBLICACIÓN, DISTRIBUCIÓN, ETC.
Lugar de publicación, distribución, etc. Barcelona :
Nombre del editor, distribuidor, etc. Labor,
Fecha de publicación, distribución, etc. 1943.
300 ## - DESCRIPCIÓN FÍSICA
Extensión 526 p. ;
Dimensiones 19 cm.
490 1# - MENCIÓN DE SERIE
Mención de serie Colección Labor. V. Música ;
Designación de volumen o secuencia 211-212
650 #7 - PUNTO DE ACCESO ADICIONAL DE MATERIA--TÉRMINO DE MATERIA
Término de materia o nombre geográfico como elemento de entrada Formas musicales
Fuente del encabezamiento o término embne
9 (RLIN) 12930
700 0# - ENTRADA AGREGADA--NOMBRE PERSONAL
Nombre de persona Gerhard, Robert.
9 (RLIN) 56444
830 00 - PUNTO DE ACCESO ADICIONAL DE SERIE-TÍTULO UNIFORME
Título uniforme Colección Labor.
Nombre de parte o sección de la obra Música
Designación de volumen o secuencia 211-212
9 (RLIN) 188907
852 4# - LOCALIZACIÓN
Ubicación ES-MaACL
Número de control de estantería E-12362
itemnumber R.140521
Nota libre - Biblioteca Jacinto Martínez Lacalle
Holdings
Estatus retirado Estado de pérdida Estado de daño No para préstamo Biblioteca de origen Biblioteca actual Ubicación en estantería Fecha de adquisición Fuente de adquisición Total de préstamos Signatura topográfica completa Código de barras Visto por última vez Precio de reemplazo Tipo de ítem Koha
        Biblioteca del Ateneo de Madrid Biblioteca del Ateneo de Madrid Depósito 2 09/12/2008     E-12362 1178329 23/02/2023 23/02/2023 Libro impreso